Homophone Pairs - Statistics

General Stats
  • This quiz has been taken 825 times
    804 since last reset
  • The average score is 14 of 24
Answer Stats
Hint Answer % Correct
Raspy Stallion Hoarse Horse
89%
Frail Seven Days Weak Week
89%
Shoplift Iron Alloy Steal Steel
75%
A Precipitation Dynasty Rain Reign
74%
Atmosphere Inheritor Air Heir
70%
Penny Odour Cent Scent
69%
Rabbit Fur Hare Hair
68%
Forbidden Group of Musicians Banned Band
66%
Masculine Parcels Male Mail
66%
Aquatic Warfare Bellybutton Naval Navel
62%
Auditory Perception Hither Hear Here
61%
Ocean Giant's Sorrowful Scream Whale Wail
58%
Beloved Buck Dear Deer
57%
Consumed 1000 in Binary Ate Eight
54%
Murder Toboggan Slay Sleigh
52%
Reasonable Toll Fair Fare
50%
A Tossed Fancy Chair Thrown Throne
48%
Complete Perforation Whole Hole
48%
Money Stockpile Cash Cache
45%
A Delay at the Scale Weight Wait
45%
A Chomp of 8 Bits Byte Bite
43%
Abdomen Squander Waist Waste
37%
Earnings Soothsayer Profit Prophet
15%
Hardly Noticeable Decoy Strike Faint Feint
11%
No matching quizzes found
Score Distribution
Percent of People with Each Score
Percentile by Number Answered
Your Score History
You have not taken this quiz since the last reset